عرض عادي عرض مارك
  • القمش، مصطفي نوري.

مدخل إسم شخص

عدد التسجيلات المستخدمة في: 1

001 - رقم الضبط

  • حقل الضبط: 97865

003 - معرف رقم الضبط

  • حقل الضبط: OSt

005 - تاريخ ووقت أخر عملية

  • حقل الضبط: 20220821162427.0

008 - عناصر بيانات ثابتة الطول

  • حقل تحكم ثابت الطول: 220821|| aca||aabn | a|a d

040 ## - مصدر الفهرسة

  • هيئة الفهرسة الأصلية: OSt
  • وكالة الكتابة: OSt

100 ## - مدخل -- أسم شخص

  • إسم شخص: القمش، مصطفي نوري.

670 ## - بيانات المصدر موجوده

  • الاستشهاد بالمصدر: Work cat.: (OSt): القمش، مصطفي نوري., الاضرابات السلوكية والانفعالية /, 2014